书目信息 |
| 题名: |
中国近代文化思与辨
|
|
| 作者: | 马克锋 著 | |
| 分册: | ||
| 出版信息: | 北京 人民日报出版社 2014 |
|
| 页数: | 11, 350页 | |
| 开本: | 24cm | |
| 丛书名: | ||
| 单 册: | ||
| 中图分类: | K250.3 | |
| 科图分类: | ||
| 主题词: | 文化史--研究--中国--近代 | |
| 电子资源: | ||
| ISBN: | 978-7-5115-2589-5 | |
| 000 | 00986nam0 2200241 450 | |
| 001 | 338316 | |
| 005 | 20150601150517.96 | |
| 010 | @a978-7-5115-2589-5@dCNY66.00 | |
| 100 | @a20141203d2014 em y0chiy50 ea | |
| 101 | 0 | @achi |
| 102 | @aCN@b110000 | |
| 105 | @ay z 000yy | |
| 106 | @ar | |
| 200 | 1 | @a中国近代文化思与辨@Azhong guo jin dai wen hua si yu bian@f马克锋著 |
| 210 | @a北京@c人民日报出版社@d2014 | |
| 215 | @a11, 350页@d24cm | |
| 300 | @a人民日报学术文库 中国人民大学历史学院“北京市重点学科”项目经费资助 | |
| 330 | @a本书大部分内容是中国人民大学历史系教授、博士生导师马克锋在学术期刊上发表过的, 作者按照中国近代文化发展的源流、脉络, 中西文化的关系, 近代文化与社会、政治、经济思潮变迁的关系等对其表过的文章进行了整合梳理。书稿引用和分析了大量资料, 论点客观, 论据充分, 具有较高的学术价值。 | |
| 606 | 0 | @a文化史@x研究@y中国@z近代 |
| 690 | @aK250.3@v5 | |
| 701 | 0 | @a马克锋@Ama ke feng@f(1961)@4著 |
| 801 | 0 | @aCN@b卓展宏图@c20150525 |
| 905 | @dK250.3@e189@f4 | |
| 中国近代文化思与辨/马克锋著.-北京:人民日报出版社,2014 |
| 11, 350页;24cm |
| 人民日报学术文库 中国人民大学历史学院“北京市重点学科”项目经费资助 |
| ISBN 978-7-5115-2589-5:CNY66.00 |
| 本书大部分内容是中国人民大学历史系教授、博士生导师马克锋在学术期刊上发表过的, 作者按照中国近代文化发展的源流、脉络, 中西文化的关系, 近代文化与社会、政治、经济思潮变迁的关系等对其表过的文章进行了整合梳理。书稿引用和分析了大量资料, 论点客观, 论据充分, 具有较高的学术价值。 |
| ● |
| 相关链接 |
|
|
|
|
正题名:中国近代文化思与辨
索取号:K250.3/189
 
预约/预借
| 序号 | 登录号 | 条形码 | 馆藏地/架位号 | 状态 | 备注 |
| 1 | 861695 | 208616951 | 第二样本阅览室/ [索取号:K250.3/189] | 在馆 | |
| 2 | 861696 | 208616960 | 密集书库-史法系/ [索取号:K250.3/189] | 在馆 | |
| 3 | 861697 | 208616979 | 第二借阅区/ [索取号:K250.3/189] | 在馆 | |
| 4 | 861698 | 208616988 | 第二借阅区/ [索取号:K250.3/189] | 在馆 |